=LDR 00000nam 2200000 4500 =001 INLIS000000000000627 =005 20150406092206.0 =006 =007 =008 Ind =035 ##$$0010-061300000000627 =041 ##$$a Ind =082 ##$$a 92(Dewantara) =090 ##$$a 92(Dewantara) Sur k =100 ##$$a Dewantara, Bambang Sukawati =245 ##$$a Ki Hajar Dewantara, ayahku / Bambang Sukawati =260 ##$$a Jakarta $b Pustaka Sinar Harapan $c 1989 =300 ##$$a 172 hlm. : ilus. ; 21 cm =650 ##$$a Dewantara, Ki Hajar, 1889-1958 =850 ##$$a NBPNMAT